2024 18/ Calendrier de l'avent prénoms - Statistiques

Statistiques générales
  • Ce quiz a été pris 53 fois
  • Le résultat moyen est 12 sur 18
Statistiques - réponses
Domaine Initiale Nom Prénom % Correct
Musique C Aznavour Charles
98%
Musique A Souchon Alain
94%
Musique D Hallyday David
94%
Magie E Antoine Eric
85%
Cinéma D Auteuil Daniel
83%
Musique/Cinéma L Renaud Line
83%
Musique I Boulay Isabelle
70%
Musique L Chedid Louis
70%
Sport R Grosjean Romain
64%
Cinéma V Bonneton Valérie
64%
Humour E Kakou Elie
60%
Cinéma R Berry Richard
60%
Journaliste T Hugues Thomas
57%
Musique N Croisille Nicole
53%
Cinéma A Dussollier André
51%
Politique N Mamère Noël
51%
Sport E Grospiron Edgar
36%
Politique E Guigou Elisabeth
34%
Aucun quiz correspondant
Distribution des résultats
% des personnes avec chaque résultat
Percentile par nombre de réponses
Votre historique - résultats
Vous n’avez pas pris ce quiz